Social media in sport marketing

Na minha lista:
Detalhes bibliográficos
Autor principal: Newman, Timothy
Formato: Livro
Idioma:inglês
Publicado em: Scottsdale Holcomb Hathaway 2013
Assuntos:
Tags: Adicionar Tag
Sem tags, seja o primeiro a adicionar uma tag!

MARC

LEADER 00000nam a2200000 4500
001 0205317
005 20240306140436.0
020 |a 978-1-934432-78-5 
041 0 |a eng 
044 |a US 
245 1 0 |a Social media in sport marketing  |c Timothy Newman ... [et al.] 
264 1 |a Scottsdale  |b Holcomb Hathaway  |c 2013 
300 |a 202 s. 
610 2 0 |a marketing 
610 2 0 |a šport 
610 2 0 |a médiá sociálne 
610 2 0 |a siete počítačové 
610 2 0 |a plánovanie 
610 2 0 |a stránky webové 
610 2 0 |a pošta elektronická 
610 2 0 |a stratégia marketingová 
610 2 0 |a meranie 
100 1 |a Newman, Timothy